<?xml version="1.0" encoding="UTF-8"?>
<record
    xmlns:xsi="http://www.w3.org/2001/XMLSchema-instance"
    xsi:schemaLocation="http://www.loc.gov/MARC21/slim http://www.loc.gov/standards/marcxml/schema/MARC21slim.xsd"
    xmlns="http://www.loc.gov/MARC21/slim">

  <leader>01190nam a2200313 a 4500</leader>
  <controlfield tag="001">000116269</controlfield>
  <controlfield tag="003">CHAP</controlfield>
  <controlfield tag="005">20220329144608.0</controlfield>
  <controlfield tag="008">191017s2003    mx a   |r|    ||||||spa d</controlfield>
  <datafield tag="010" ind1=" " ind2=" ">
    <subfield code="a">112730</subfield>
  </datafield>
  <datafield tag="011" ind1=" " ind2=" ">
    <subfield code="a">113702</subfield>
  </datafield>
  <datafield tag="020" ind1=" " ind2=" ">
    <subfield code="a">9706840818</subfield>
  </datafield>
  <datafield tag="040" ind1=" " ind2=" ">
    <subfield code="c">CHAP</subfield>
  </datafield>
  <datafield tag="082" ind1="0" ind2="4">
    <subfield code="a">972.5309031</subfield>
    <subfield code="b">P43</subfield>
  </datafield>
  <datafield tag="100" ind1="0" ind2="0">
    <subfield code="a">P&#xE9;rez Zevallos, Juan Manuel.</subfield>
    <subfield code="9">90115</subfield>
  </datafield>
  <datafield tag="245" ind1="1" ind2="3">
    <subfield code="a">La fundaci&#xF3;n de San Luis Tlaxialtemalco :</subfield>
    <subfield code="b">seg&#xFA;n los t&#xED;tulos primordiales de San Gregorio Atlapulco /</subfield>
    <subfield code="c">por Juan Manuel Perez Zevallos y Luis Reyes Garc&#xED;a.</subfield>
  </datafield>
  <datafield tag="260" ind1=" " ind2=" ">
    <subfield code="a">M&#xE9;xico, D.F. :</subfield>
    <subfield code="b">Instituto Mora</subfield>
    <subfield code="b">Gobierno del Distrito Federal , Delegaci&#xF3;n Xochimilco,</subfield>
    <subfield code="c">2003.</subfield>
  </datafield>
  <datafield tag="300" ind1=" " ind2=" ">
    <subfield code="a">91 p. :</subfield>
    <subfield code="b">il.</subfield>
  </datafield>
  <datafield tag="590" ind1=" " ind2=" ">
    <subfield code="a">BATCH-UPD</subfield>
    <subfield code="b">05</subfield>
    <subfield code="c">20191017</subfield>
    <subfield code="l">UCH01</subfield>
    <subfield code="h">1256</subfield>
  </datafield>
  <datafield tag="590" ind1=" " ind2=" ">
    <subfield code="a">E11695DGD</subfield>
    <subfield code="b">10</subfield>
    <subfield code="c">20191021</subfield>
    <subfield code="l">UCH01</subfield>
    <subfield code="h">0956</subfield>
  </datafield>
  <datafield tag="590" ind1=" " ind2=" ">
    <subfield code="a">E5765TAJ</subfield>
    <subfield code="b">05</subfield>
    <subfield code="c">20191017</subfield>
    <subfield code="l">UCH01</subfield>
    <subfield code="h">1255</subfield>
  </datafield>
  <datafield tag="651" ind1="1" ind2="7">
    <subfield code="a">San Gregorio Atlapulco Xochimilco, M&#xE9;xico (Cd.)</subfield>
    <subfield code="x">Historia</subfield>
    <subfield code="v">Fuentes</subfield>
    <subfield code="9">137082</subfield>
  </datafield>
  <datafield tag="651" ind1="1" ind2="7">
    <subfield code="a">San Luis Tlaxialtemalco Xochimilco, M&#xE9;xico (Cd.)</subfield>
    <subfield code="x">Historia</subfield>
    <subfield code="v">Fuentes</subfield>
    <subfield code="9">137081</subfield>
  </datafield>
  <datafield tag="651" ind1="1" ind2="7">
    <subfield code="a">Xochimilco, M&#xE9;xico (Cd.)</subfield>
    <subfield code="x">Historia</subfield>
    <subfield code="v">Fuentes</subfield>
    <subfield code="9">137083</subfield>
  </datafield>
  <datafield tag="700" ind1="1" ind2=" ">
    <subfield code="a">Reyes Garc&#xED;a, Luis.</subfield>
    <subfield code="9">137080</subfield>
  </datafield>
  <datafield tag="901" ind1=" " ind2=" ">
    <subfield code="a">BK</subfield>
  </datafield>
  <datafield tag="942" ind1=" " ind2=" ">
    <subfield code="c">LIBRO</subfield>
  </datafield>
  <datafield tag="942" ind1=" " ind2=" ">
    <subfield code="n">0</subfield>
  </datafield>
  <datafield tag="999" ind1=" " ind2=" ">
    <subfield code="c">112730</subfield>
    <subfield code="d">112730</subfield>
  </datafield>
  <datafield tag="952" ind1=" " ind2=" ">
    <subfield code="0">0</subfield>
    <subfield code="1">0</subfield>
    <subfield code="2">ddc</subfield>
    <subfield code="4">0</subfield>
    <subfield code="5">2</subfield>
    <subfield code="7">0</subfield>
    <subfield code="8">GRAL</subfield>
    <subfield code="a">BC</subfield>
    <subfield code="b">BC</subfield>
    <subfield code="c">PP_GRAL</subfield>
    <subfield code="d">2019-10-17</subfield>
    <subfield code="f">LIBRO</subfield>
    <subfield code="l">0</subfield>
    <subfield code="o">972.5309031 P43</subfield>
    <subfield code="p">33724002561306</subfield>
    <subfield code="r">2019-12-31 00:00:00</subfield>
    <subfield code="w">2019-12-31</subfield>
    <subfield code="y">LIBRO</subfield>
  </datafield>
</record>
